Films By Letter - B - Statistics

General Stats
  • This quiz has been taken 43 times
  • The average score is 8 of 15
Answer Stats
Hint Answer % Correct
The Dark Knight. Jack Nicholson. Batman
98%
Talking pig. James Cromwell. Babe
90%
Young boy wakes up an adult. Tom Hanks. Big
80%
Ballet production turns into a nightmare. Black Swan
78%
Ordinary man receives God's power. Morgan Freeman. Bruce Almighty
73%
On a mission from God. John Belushi. The Blues Brothers
68%
They rob banks. Warren Beatty. Bonnie and Clyde
65%
Teenager tries to get his adolescent parents together. Christopher Lloyd. Back to the Future
60%
Sweet wise Detroit Cop in L.A. Beverly Hills Cop
55%
Memory loss. Matt Damon. The Bourne Identity
55%
Porn industry in the 1970s. Burt Reynolds. Boogie Nights
50%
Love triangle at news station. William Hurt. Broadcast News
25%
Young cow must follow in Fathers footsteps. Kevin James. Barnyard
13%
Shot entirely in candlelight. Ryan O'Neal. Barry Lyndon
13%
Learn to love and be loved. Robby Benson. Beauty and the Beast
3%
No matching quizzes found
Score Distribution
Percent of People with Each Score
Percentile by Number Answered
Your Score History
You have not taken this quiz